000 00787nam a22003017a 4500
001 BR8904539
003 BR-BrBNA
005 20230928093313.0
007 ta
008 230509b bl.||||| |||| 00| 0 por d
040 _aBR-BrBNA
_bpor
_cBiblioteca Nacional de Agricultura
041 _a(Por)
072 _aE20
_b/G514
090 _ E20 BR8904539
110 1 _aMinisterio da Fazenda, Brasilia, DF (Brasil)
_97025
245 1 _aPerfil das Empresas Estatais - 1987
260 3 _aBrasilia, DF (Brasil):
_c1987.
300 _a463 p.
500 _aNumerical data
650 _aEMPRESA PUBLICA
650 _aCADASTRO
650 _aADMINISTRACAO
650 _aORCAMENTO
650 _aRECEITA
650 _aINVESTIMENTO
909 _a202309
_bLucia
_c55
_dLucia Elande
942 _cBK
999 _c44203
_d44203